Statistics for Undertale Quiz

Click here to take the quiz!

General Stats

  • This quiz has been taken 156 times
  • The average score is 10 of 15

Answer Stats

QuestionAnswer% Correct
Who loves spaghetti?The Great Papyrus!
96%
Who is W.D. Gaster?The former royal scientist
93%
Who is the final boss in a true pacifist route?Asriel Dreemur
91%
What is the Papyrus boss battle theme?Bonetrousle
86%
(Medium) When does the soundtrack 'Bring it in, guys!' play?True pacifist credits.
84%
Who is the main antagonist in Undertale?Flowey
82%
Which of these characters appears in Waterfall?Gerson
78%
(Hard) Where in Snowdin does 'So Sorry' appear?It's not in Snowdin, it's in Hotland!
77%
Which two games heavily inspired Undertale?Uminiki, Earthbound
71%
Where does Monster Kid first appear?Snowdin Town
67%
Which of these is NOT a miniboss?Final Froggit
51%
(Easy) What is the famous line Sans says when you enter Snowdin on a genocide path?You're gonna have a bad time.
47%
Who/What is Mettaton?Napstablooks cousin
43%
Which miniboss appears at the end of a true pacifist route?Muffet
31%
Who made Undertale?Scott Cawthorn
0%

Score Distribution

Percentile by Number Answered

Percent of People with Each Score

Your Score History

You have not taken this quiz